[Event "4NCL Division Two"]
[Site "Daventry, ENG"]
[Date "2024.05.04"]
[EventDate "2024.05.04"]
[Round "9.22"]
[White "Rendle, Thomas E"]
[WhiteTitle "IM"]
[WhiteElo "2427"]
[WhiteTeam "The Sharks 2"]
[Black "Handley, Michael R"]
[BlackElo "2106"]
[BlackTeam "SchachAttack"]
[Result "1-0"]

1. e4 e6 2. d4 d5 3. e5 c5 4. c3 Nc6 5. Nf3 Qb6 6. Bd3 cxd4 7. O-O Bd7 8. Re1
Rc8 9. Nbd2 dxc3 10. bxc3 Na5 11. Rb1 Qd8 12. c4 dxc4 13. Bc2 Bc6 14. Qe2 Nh6
15. Ne4 Bxe4 16. Qxe4 Be7 17. Ba4+ Kf8 18. Rd1 Qc7 19. Rd7 Qc5 20. Rb5 Qc6 21.
Qxc6 Nxc6 22. Rbxb7 Ke8 1-0

[Event "4NCL Division Two"]
[Site "Daventry, ENG"]
[Date "2024.05.04"]
[EventDate "2024.05.04"]
[Round "9.31"]
[White "Mestel, A Jonathan"]
[WhiteTitle "GM"]
[WhiteElo "2472"]
[WhiteTeam "The ADs"]
[Black "Willson, Ollie"]
[BlackElo "2151"]
[BlackTeam "Sussex Martlets 1"]
[Result "1-0"]

1. c4 e6 2. Nf3 Nf6 3. g3 d5 4. b3 Be7 5. Bg2 O-O 6. O-O c5 7. e3 b6 8. Qe2 Bb7
9. Bb2 Nbd7 10. d3 Qc7 11. Nc3 Rad8 12. e4 d4 13. Nd1 Rfe8 14. Bc1 e5 15. Ne1
Bc8 16. f4 Bd6 17. f5 Be7 18. g4 h6 19. h4 Nh7 20. Nf3 f6 21. Nf2 Qd6 22. Nh1
Kh8 23. Ng3 Rg8 24. Kf2 Ndf8 25. Rh1 g5 26. Bd2 Bd7 27. Rh2 Be8 28. Rah1 Qc7
29. hxg5 hxg5 30. Rh6 Rd6 31. Nh5 Bxh5 32. R1xh5 Rg7 33. Qe1 Kg8 34. Bf1 Bd8
35. Be2 a6 36. Qc1 Be7 37. a3 a5 38. Rh1 Rd8 39. Ne1 Rb8 40. Nc2 Ra8 41. Qb2
Bd6 42. Rb1 Qc6 43. Ne1 Rb7 44. Nf3 Rab8 45. Qa2 Kg7 46. Rhh1 Ra7 47. Qc2 Rba8
48. Qc1 Be7 49. Bd1 Rb7 50. Bc2 Rba7 51. Qf1 Qe8 52. Qh3 Kg8 53. Rh2 Qf7 54.
Rbh1 Qg7 55. Qf1 Rb7 56. Rh6 Raa7 57. Qh3 Bd8 58. Ng1 Rb8 59. Ne2 Rbb7 60. Ng3
Rb8 61. Bc1 Rba8 62. Ke2 Rb8 63. Qh5 Be7 64. Rg6 Nxg6 65. fxg6 Nf8 66. Nf5 Qxg6
67. Qh8+ Kf7 68. Rh6 Qxh6 69. Qxh6 Rbb7 70. Qg7+ Ke8 71. Nxe7 Rxe7 72. Qxf6 Ne6
73. Qxe5 Nf4+ 74. Bxf4 Rxe5 75. Bxe5 Rh7 76. Bd1 Kd7 77. Bf6 Ke6 78. Bxg5 Rh2+
79. Ke1 Rh1+ 80. Kd2 Rh2+ 81. Be2 Rh8 82. Bf4 Ra8 83. Bd1 Ra7 84. g5 Rf7 85.
Bg4+ Ke7 86. Bf5 Rf8 87. Be5 a4 88. bxa4 Ra8 89. g6 b5 90. cxb5 1-0

[Event "4NCL Division Two"]
[Site "Daventry, ENG"]
[Date "2024.05.04"]
[EventDate "2024.05.04"]
[Round "9.33"]
[White "Bradbury, Neil H"]
[WhiteTitle "IM"]
[WhiteElo "2274"]
[WhiteTeam "The ADs"]
[Black "Brewer, Callum D"]
[BlackElo "2155"]
[BlackTeam "Sussex Martlets 1"]
[Result "0-1"]

1. d4 Nf6 2. Nf3 d5 3. c4 e6 4. g3 dxc4 5. Bg2 Nc6 6. O-O Rb8 7. Bg5 Be7 8. e3
O-O 9. Qc1 b5 10. Nbd2 Nd5 11. Bxe7 Qxe7 12. a3 Na5 13. e4 Nb6 14. Qc3 Nb7 15.
b3 cxb3 16. Nxb3 Nc4 17. Rfc1 Bd7 18. Nbd2 Nxd2 19. Nxd2 Rfc8 20. Nb3 e5 21.
Qb4 Qd6 22. dxe5 Qxe5 23. f4 Qf6 24. Nc5 Qb6 25. e5 a5 26. Qd4 Nxc5 27. Rxc5 b4
28. axb4 axb4 29. Rb1 Bf5 30. Rb2 Rd8 31. Qc4 Rd1+ 32. Kf2 Bd3 33. Qd5 Bb5 34.
Qxd1 Qxc5+ 35. Kf3 Qc3+ 36. Kf2 Qxb2+ 37. Kg1 Qe2 38. Qxe2 Bxe2 39. Bd5 Bg4 40.
Bb3 Be6 41. Ba4 g6 0-1

[Event "4NCL Division Two"]
[Site "Daventry, ENG"]
[Date "2024.05.04"]
[EventDate "2024.05.04"]
[Round "9.41"]
[White "Lewis, Andrew P"]
[WhiteTitle "FM"]
[WhiteElo "2252"]
[WhiteTeam "Anglian Avengers"]
[Black "Baker, Chris W"]
[BlackTitle "IM"]
[BlackElo "2290"]
[BlackTeam "Warwickshire Select 1"]
[Result "1-0"]

1. d4 d6 2. c4 e5 3. Nf3 Nd7 4. Nc3 Ngf6 5. e4 g6 6. Be2 Bg7 7. Be3 exd4 8.
Nxd4 O-O 9. O-O Re8 10. f3 c6 11. Bf2 Nh5 12. Qd2 Qf6 13. g3 Ne5 14. Be3 Bh3
15. Rf2 Qe7 16. Rd1 Rad8 17. g4 Nf6 18. Bg5 Ned7 19. Qf4 Qe5 20. Qe3 Qc5 21.
Nc2 Qxe3 22. Bxe3 Nb6 23. Bg5 h6 24. Bh4 d5 25. cxd5 cxd5 26. Bb5 Re6 27. Rfd2
g5 28. Bg3 a6 29. Nd4 dxe4 30. Nxe6 Rxd2 31. Rxd2 fxe6 32. Be2 exf3 33. Bxf3
Bxg4 34. Bxb7 Nc4 35. Rd8+ Kf7 36. b3 Ne3 37. Bf2 Nf5 38. Bxa6 Ke7 39. Ra8 Nd7
40. Be2 Bh3 41. Ne4 Nd4 42. Bd1 Bf5 43. Ng3 Bd3 44. Ra4 Nb5 45. Be2 Ne5 46. Ra5
Bf8 47. Bf1 1-0

[Event "4NCL Division Two"]
[Site "Daventry, ENG"]
[Date "2024.05.04"]
[EventDate "2024.05.04"]
[Round "9.51"]
[White "Li, Henry"]
[WhiteTitle "FM"]
[WhiteElo "2288"]
[WhiteTeam "Gonzaga"]
[Black "Larkin, Vladyslav"]
[BlackTitle "IM"]
[BlackElo "2446"]
[BlackTeam "CSC/Kingston 1"]
[Result "1/2-1/2"]

1. d4 Nf6 2. c4 e6 3. Nc3 Bb4 4. f3 c5 5. d5 d6 6. e4 b5 7. Bd2 Bxc3 8. Bxc3 b4 9. Bd2 exd5 10. cxd5 Nh5 11. Be3 f5 12. exf5 O-O 13. g4 Re8 14. Qd2 Qh4+ 15. Kd1 Qe7 16. Bg5 Nf6 17. Nh3 Qf7 18. Nf4 Bb7 19. Bb5 Re5 20. Re1 a6 21. Ba4 Nfd7 22. Bb3 a5 23. Ne6 a4 24. Nd8 Qe8 25. Nxb7 axb3 26. Nxd6 Rxe1+ 27. Qxe1 Qxe1+ 28. Kxe1 Rxa2 29. Rb1 Nb6 30. Kd2 h6 31. Bd8 Nxd5 32. Kd3 Nc6 33. Ke4 Nc3+ 34. bxc3 bxc3 35. Rxb3 c2 36. Rc3 Nd4 37. Rxc5 Nb3 38. Rc8 c1=Q 39. Rxc1 Nxc1 40. f6 Rxh2 41. Kf5 gxf6 42. Bxf6 Nd3 43. Be5 Nxe5 44. Kxe5 h5 45. gxh5 1/2-1/2

[Event "4NCL Division Two"]
[Site "Daventry, ENG"]
[Date "2024.05.04"]
[EventDate "2024.05.04"]
[Round "9.52"]
[White "Maycock Bates, David Henry"]
[WhiteTitle "CM"]
[WhiteElo "2266"]
[WhiteTeam "CSC/Kingston 1"]
[Black "Wall, Gavin"]
[BlackTitle "IM"]
[BlackElo "2281"]
[BlackTeam "Gonzaga"]
[Result "1-0"]

1. e4 e5 2. Nf3 Nc6 3. Bb5 a6 4. Ba4 d6 5. c3 g6 6. d4 Bd7 7. O-O Bg7 8. Re1 Nge7 9. Be3 O-O 10. d5 Nb8 11. Nfd2 b5 12. Bc2 c6 13. c4 cxd5 14. cxd5 f5 15. f3 Be8 16. a4 Nd7 17. Nc3 b4 18. Ne2 Rc8 19. b3 Nc5 20. Nc1 a5 21. Nd3 Nxd3 22. Bxd3 Rc3 23. Nc4 Qc7 24. Rc1 Rxc1 25. Qxc1 Nc8 26. Nxa5 Qxa5 27. Qxc8 fxe4 28. fxe4 Bf7 29. Qd7 Rd8 30. Qb7 1-0

[Event "4NCL Division Two"]
[Site "Daventry, ENG"]
[Date "2024.05.04"]
[EventDate "2024.05.04"]
[Round "9.53"]
[White "Delaney, Killian"]
[WhiteTitle "FM"]
[WhiteElo "2271"]
[WhiteTeam "Gonzaga"]
[Black "Bezuidenhout, Roland"]
[BlackTitle "FM"]
[BlackElo "2273"]
[BlackTeam "CSC/Kingston 1"]
[Result "0-1"]

1. e4 c5 2. Nf3 Nc6 3. c3 Nf6 4. e5 Nd5 5. Bc4 Nb6 6. Bb3 d5 7. exd6 Qxd6 8. Na3 Bf5 9. d4 e6 10. Nb5 Qd7 11. Bf4 Rc8 12. dxc5 Bxc5 13. Qxd7+ Nxd7 14. Nd6+ Bxd6 15. Bxd6 Nb6 16. O-O-O Na5 17. Nd4 Nxb3+ 18. axb3 Be4 19. Rhe1 Bxg2 20. Ba3 Bd5 21. Nb5 Bxb3 22. Nd6+ Kd7 23. Rd4 Bd5 24. Nxc8 Kxc8 25. Rg1 g6 26. Be7 Re8 27. Bg5 e5 28. Rh4 h5 29. Rd1 Kc7 30. Kc2 Kc6 31. b3 Bf3 32. Re1 Bg4 33. c4 Nd7 34. Be3 f6 35. h3 Bf5+ 36. Kc3 Rh8 37. Rg1 Nf8 38. c5 e4 39. Bd4 Nd7 40. Rf4 Re8 41. Bxf6 Nxf6 42. Rxg6 Bxg6 43. Rxf6+ Kxc5 44. Rxg6 e3 45. Rg5+ Kd6 46. fxe3 Rxe3+ 47. Kc4 Rxh3 48. b4 a6 49. Rg6+ Kc7 50. Kc5 Rc3+ 51. Kd4 Rc1 52. Rh6 Rh1 53. Kc5 Rc1+ 54. Kd4 Rh1 55. Kc5 Rh4 56. Rh7+ Kb8 57. b5 axb5 58. Kb6 Kc8 59. Rh8+ Kd7 60. Rh7+ Kd6 61. Rh6+ Kd5 62. Kxb5 Rh1 63. Kb4 Kd4 64. Kb3 Kd3 65. Rd6+ Ke3 66. Kb2 Kf3 67. Rb6 Rd1 68. Rxb7 h4 69. Rf7+ Kg3 70. Rg7+ Kh3 71. Kc2 Rd4 72. Rg8 Rg4 73. Rd8 Kh2 74. Kd2 Kg2 75. Ke3 h3 76. Rd2+ Kg3 77. Rd1 h2 0-1

[Event "4NCL Division Two"]
[Site "Daventry, ENG"]
[Date "2024.05.04"]
[EventDate "2024.05.04"]
[Round "9.54"]
[White "Harakis, Alexis M"]
[WhiteTitle "FM"]
[WhiteElo "2252"]
[WhiteTeam "CSC/Kingston 1"]
[Black "Thorarinsson, Pall A."]
[BlackTitle "FM"]
[BlackElo "2201"]
[BlackTeam "Gonzaga"]
[Result "1/2-1/2"]

1. d4 c5 2. d5 e5 3. e4 d6 4. Nc3 Be7 5. Nf3 Bg4 6. h3 Bxf3 7. Qxf3 Bg5 8. Bxg5 Qxg5 9. Nb5 Qd8 10. Qg4 Kf8 11. Nxd6 Nf6 12. Qc8 Qxc8 13. Nxc8 Nxe4 14. Bd3 Nd7 15. Bxe4 Rxc8 16. O-O-O g6 17. d6 b6 18. Rhe1 Kg7 19. Bb7 Rcd8 20. Bc6 Rhe8 21. f4 Re6 22. Bd5 Ree8 23. g3 f6 24. Bc4 Kf8 25. f5 gxf5 26. Rf1 e4 27. Rxf5 Ne5 28. Bd5 Rxd6 29. Bxe4 Rxd1+ 30. Kxd1 Rd8+ 31. Ke2 Kg7 32. Rf4 h6 33. Bf5 Rd6 34. a3 a5 35. b3 Rd8 36. Rf1 Kf7 37. Rd1 Rxd1 38. Kxd1 Ke7 39. Kd2 Nf7 40. Ke3 Nd6 41. Kf4 Kf7 42. Bd3 Ke7 43. Bc4 Kf8 44. Bd5 Ke7 45. Kg4 Kf8 46. Kf3 Ke7 47. Kf4 Kf8 48. Bc4 Ke7 49. Bd3 Kf7 50. g4 Ke7 51. Bg6 Kf8 52. Be4 Ke7 53. Bd5 Kf8 54. b4 axb4 55. axb4 Ke7 56. Ke3 Kd7 57. Kd3 cxb4 58. Kd4 Ke7 59. Bb3 f5 60. Ke5 fxg4 61. hxg4 b5 62. Bd5 Nc4+ 63. Kd4 Na3 64. Be4 Kf6 65. Kc5 Kg5 66. Kxb4 1/2-1/2

[Event "4NCL Division Two"]
[Site "Daventry, ENG"]
[Date "2024.05.04"]
[EventDate "2024.05.04"]
[Round "9.55"]
[White "McPhillips, Karl"]
[WhiteTitle "FM"]
[WhiteElo "2196"]
[WhiteTeam "Gonzaga"]
[Black "Storey, Charles H"]
[BlackTitle "FM"]
[BlackElo "2150"]
[BlackTeam "CSC/Kingston 1"]
[Result "0-1"]

1. d4 g6 2. c4 Bg7 3. Nc3 c5 4. d5 d6 5. e4 e5 6. Bd3 Ne7 7. Nge2 Nd7 8. h4 h5 9. Bg5 f6 10. Be3 a6 11. Qd2 f5 12. exf5 gxf5 13. Bg5 Nf6 14. Ng3 f4 15. Nge4 Nh7 16. Qc2 Nxg5 17. Nxg5 Rh6 18. O-O-O Qa5 19. g3 Rf6 20. Nge4 Rh6 21. gxf4 exf4 22. Rhg1 Be5 23. Rde1 Kd7 24. Ng5 Rf6 25. Nce4 Qxa2 26. Nxf6+ Bxf6 27. Bf5+ Kc7 28. Bxc8 Rxc8 29. Re6 Ng8 30. Ne4 Be5 31. Rgg6 f3 32. Kd2 Qa5+ 33. Kd3 Rd8 34. Nd2 Rf8 35. Rg1 Kb8 36. Ne4 Qd8 37. Qb3 Nf6 38. Rg7 Nd7 39. Nxd6 b5 40. Rxd7 Qxd7 41. Rxe5 Qxd6 42. Re6 Qf4 43. Re4 Qc1 44. Qc2 Qf1+ 45. Ke3 b4 46. Qd2 Kc7 47. d6+ Kd8 48. d7 a5 49. Re8+ Rxe8+ 50. dxe8=Q+ Kxe8 51. Qd5 Qc1+ 52. Ke4 Qe1+ 53. Kf5 Qe7 54. Qa8+ Kf7 55. Qxa5 Qf6+ 56. Ke4 Qxh4+ 57. Kxf3 Qg4+ 58. Ke3 Qd4+ 59. Kf3 Qd3+ 60. Kg2 Qe4+ 61. Kh2 Qxc4 62. Qc7+ Ke6 0-1

[Event "4NCL Division Two"]
[Site "Daventry, ENG"]
[Date "2024.05.04"]
[EventDate "2024.05.04"]
[Round "9.56"]
[White "Frostick, Clive A"]
[WhiteElo "2131"]
[WhiteTeam "CSC/Kingston 1"]
[Black "Freeman, Gordon"]
[BlackTitle "FM"]
[BlackElo "2199"]
[BlackTeam "Gonzaga"]
[Result "1-0"]

1. e4 c5 2. Nf3 d6 3. Bb5+ Bd7 4. Bxd7+ Nxd7 5. O-O Ngf6 6. Qe2 e6 7. d4 cxd4 8. Nxd4 Be7 9. c4 O-O 10. Nc3 Rc8 11. b3 a6 12. Bb2 Qb6 13. Rad1 Rfd8 14. Kh1 Nc5 15. f4 Qc7 16. e5 Ne8 17. exd6 Bxd6 18. b4 Nd7 19. c5 Bf8 20. f5 e5 21. Nd5 Qb8 22. Ne6 fxe6 23. fxe6 Nef6 24. e7 Re8 25. Nxf6+ Nxf6 26. Bxe5 Rxe7 27. Qc4+ 1-0

[Event "4NCL Division Two"]
[Site "Daventry, ENG"]
[Date "2024.05.04"]
[EventDate "2024.05.04"]
[Round "9.57"]
[White "Putar, Lara"]
[WhiteElo "2082"]
[WhiteTeam "Gonzaga"]
[Black "Farrand, Tom"]
[BlackElo "2079"]
[BlackTeam "CSC/Kingston 1"]
[Result "0-1"]

1. d4 e6 2. c4 f5 3. g3 Nf6 4. Bg2 Be7 5. Nc3 O-O 6. Nf3 d6 7. O-O Ne4 8. a4 Nc6 9. a5 e5 10. dxe5 Nxc3 11. bxc3 dxe5 12. Qd5+ Kh8 13. a6 e4 14. Nd2 Qxd5 15. cxd5 Ne5 16. Nb3 bxa6 17. Bf4 Bd6 18. Na5 Bd7 19. c4 Rfe8 20. Rfc1 Rab8 21. c5 Bf8 22. c6 Bc8 23. Rcb1 Rb5 24. Rxb5 axb5 25. Nb7 b4 26. f3 h6 27. fxe4 g5 28. Bxe5+ Rxe5 29. exf5 Bxf5 30. e4 Bxe4 31. Re1 b3 32. d6 cxd6 33. c7 Bf5 34. Rxe5 dxe5 35. Be4 Bc8 36. Nd8 Kg7 37. Kf1 Bd6 38. Nc6 Bxc7 39. Nxa7 Ba6+ 40. Ke1 Bb6 41. Nc6 Bb7 42. Kd2 b2 43. Kc2 Bd4 44. g4 Bxc6 45. Bxc6 Kf6 46. Be4 Ke6 47. Kb3 b1=Q+ 48. Bxb1 Kd5 49. Kc2 Ke4 50. Kd2+ Kf3 51. h3 Bf2 52. Bd3 e4 53. Bf1 Bg3 54. Be2+ Kf2 55. Bc4 Be5 56. Bb5 Bd4 57. Kd1 e3 58. Bc4 Kg2 59. Ke2 Kxh3 60. Kf3 h5 61. gxh5 g4+ 62. Ke2 g3 63. Bd5 g2 64. Bxg2+ Kxg2 65. h6 Kg3 66. Kd3 Kf2 67. Kxd4 e2 68. Ke5 e1=Q+ 69. Kf6 Qc3+ 70. Kg6 Qh8 0-1

[Event "4NCL Division Two"]
[Site "Daventry, ENG"]
[Date "2024.05.04"]
[EventDate "2024.05.04"]
[Round "9.58"]
[White "Frostick, Helen M"]
[WhiteElo "1904"]
[WhiteTeam "CSC/Kingston 1"]
[Black "O'Connor, Eddie"]
[BlackElo "1963"]
[BlackTeam "Gonzaga"]
[Result "1/2-1/2"]

1. e4 c5 2. Nc3 e6 3. Nf3 Nc6 4. d4 cxd4 5. Nxd4 a6 6. Be3 Bb4 7. Qd2 Nge7 8. a3 Qa5 9. Nb3 Bxc3 10. Nxa5 Bxd2+ 11. Bxd2 Nxa5 12. Bxa5 Nc6 13. Bb6 O-O 14. O-O-O f5 15. f3 fxe4 16. fxe4 Ne5 17. Bd3 d5 18. exd5 exd5 19. h3 Bd7 20. Rhe1 Nxd3+ 21. Rxd3 1/2-1/2

[Event "4NCL Division Two"]
[Site "Daventry, ENG"]
[Date "2024.05.04"]
[EventDate "2024.05.04"]
[Round "9.61"]
[White "Merry, Alan B"]
[WhiteTitle "IM"]
[WhiteElo "2438"]
[WhiteTeam "Barbican 4NCL"]
[Black "Lee, Richard W Y"]
[BlackElo "2117"]
[BlackTeam "Cambridge University 2"]
[Result "1-0"]

1. d4 d5 2. c4 c6 3. e3 Nf6 4. Nc3 e6 5. Nf3 a6 6. Qc2 c5 7. cxd5 exd5 8. dxc5 Bxc5 9. Be2 Nc6 10. O-O O-O 11. a3 Re8 12. b4 Bb6 13. Bb2 Bc7 14. Rfd1 Qd6 15. g3 Bg4 16. Ng5 Ne5 17. Bxg4 Nfxg4 18. Qxh7+ Kf8 19. Nxd5 1-0

[Event "4NCL Division Two"]
[Site "Daventry, ENG"]
[Date "2024.05.04"]
[EventDate "2024.05.04"]
[Round "9.62"]
[White "Atako, Chino C"]
[WhiteElo "2146"]
[WhiteTeam "Cambridge University 2"]
[Black "D'Costa, Lorin"]
[BlackTitle "IM"]
[BlackElo "2367"]
[BlackTeam "Barbican 4NCL"]
[Result "0-1"]

1. Nf3 Nf6 2. b3 c5 3. Bb2 b6 4. g3 Bb7 5. Bg2 e6 6. c4 Be7 7. O-O d6 8. d4 cxd4 9. Nxd4 Bxg2 10. Kxg2 Qc7 11. e4 Qb7 12. Re1 a6 13. Nc3 O-O 14. Kg1 Nbd7 15. Qe2 Rfe8 16. Rad1 Rac8 17. Qf3 Rc5 18. Ba3 Rc7 19. Bb2 Rec8 20. Rc1 g6 21. h3 h5 22. Qe2 Bf8 23. Nf3 Bg7 24. Qd2 b5 25. cxb5 axb5 26. Ng5 h4 27. gxh4 Nh5 28. Ne2 Bxb2 29. Qxb2 Nc5 30. Qd4 e5 31. Qe3 f6 32. b4 Na4 33. Nf3 Kh7 34. Rxc7+ Rxc7 35. Qd3 Rd7 36. Nc3 Nxc3 37. Qxc3 d5 38. exd5 Qxd5 39. a3 Nf4 40. Kh2 Qe6 41. Ng1 Rd3 42. Qc7+ Kh6 43. Re3 Rxe3 0-1

[Event "4NCL Division Two"]
[Site "Daventry, ENG"]
[Date "2024.05.04"]
[EventDate "2024.05.04"]
[Round "9.63"]
[White "Rogers, Jonathan W"]
[WhiteTitle "FM"]
[WhiteElo "2332"]
[WhiteTeam "Barbican 4NCL"]
[Black "Borrowdale, Graham E"]
[BlackElo "1943"]
[BlackTeam "Cambridge University 2"]
[Result "1-0"]

1. d4 Nf6 2. c4 e6 3. Nf3 b6 4. g3 Bb7 5. Bg2 Be7 6. O-O O-O 7. Nc3 Ne4 8. Bd2 f5 9. d5 Bf6 10. Rc1 Na6 11. Ne1 Nac5 12. Nd3 Nxd3 13. exd3 Nxd2 14. Qxd2 Bg5 15. f4 Bf6 16. d4 exd5 17. Nxd5 c6 18. Nxf6+ Qxf6 19. Rfe1 Rae8 20. Re5 d6 21. Re3 Qf7 22. Rce1 Rxe3 23. Qxe3 Rd8 24. Qe7 Rd7 25. Qe8+ Qxe8 26. Rxe8+ Kf7 27. Rb8 Rc7 28. Kf2 Ba6 29. b3 c5 30. Bd5+ Ke7 31. Rg8 g6 32. Rg7+ Kd8 33. Rxc7 Kxc7 34. dxc5 dxc5 35. Bg8 h6 36. Bh7 Kd6 37. Bxg6 Ke6 38. Bh5 Kf6 39. Ke3 Bc8 40. Kd3 Bb7 41. Kc3 Bc6 42. b4 Be4 43. Kb3 Bc6 44. Ka3 a5 45. bxa5 bxa5 46. Bd1 Ke6 47. Kb3 Kf6 48. Kc3 Ke6 49. Kd3 Kf6 50. Ke3 Kg6 51. g4 fxg4 52. Bxg4 Kf6 53. Bf3 Bd7 54. Bd5 Kf5 55. Bg8 Bc6 56. Bh7+ Kf6 57. Kf2 Bd7 58. Kg3 Be6 59. Bd3 Bf7 60. Kg4 Be8 61. Be4 Bf7 62. Bd5 Bg6 63. a3 Be8 64. f5 Ke5 65. Be6 Kf6 66. Kf4 Bc6 67. Bd5 Bd7 68. Be4 Be8 69. Bb7 Bf7 70. Bd5 Be8 71. Ke4 h5 72. h4 a4 73. Kf4 Bd7 74. Be4 Be8 75. Bf3 Bf7 76. Bd5 Be8 77. Ke4 Bd7 78. Bb7 Be8 79. Kd5 Kxf5 80. Kxc5 Kg4 81. Kd5 Kxh4 82. c5 Kg3 83. c6 h4 84. c7 Bd7 85. c8=Q Bxc8 86. Bxc8 h3 87. Kc4 1-0

[Event "4NCL Division Two"]
[Site "Daventry, ENG"]
[Date "2024.05.04"]
[EventDate "2024.05.04"]
[Round "9.64"]
[White "Webster, Peter A N"]
[WhiteElo "1939"]
[WhiteTeam "Cambridge University 2"]
[Black "Sowray, Peter J"]
[BlackTitle "FM"]
[BlackElo "2205"]
[BlackTeam "Barbican 4NCL"]
[Result "0-1"]

1. e4 e5 2. Nf3 Nc6 3. Bb5 a6 4. Bxc6 dxc6 5. O-O Bg4 6. h3 h5 7. d3 Qf6 8. Nbd2 g5 9. Nc4 Bxf3 10. Qxf3 Qxf3 11. gxf3 f6 12. h4 gxh4 13. f4 b5 14. Na5 exf4 15. Bxf4 Kd7 16. d4 Re8 17. e5 Nh6 18. Rad1 Bb4 19. Bd2 Bxa5 20. Bxa5 Reg8+ 21. Kh1 Nf5 22. exf6 Rh6 23. d5 Rxf6 24. Bc3 Rfg6 25. dxc6+ Kxc6 26. Rg1 Rg4 27. Be5 Re8 28. Rge1 h3 29. Rd3 Nd6 30. Rxh3 Ne4 31. Kh2 Nxf2 32. Rf3 Ne4 33. Bf4 Re6 34. Rc3+ Nxc3 35. Rxe6+ Kd7 36. Rxa6 Rxf4 37. bxc3 Rf2+ 38. Kg3 Rxc2 39. Kh4 Rxc3 40. Kxh5 Rg3 41. Kh4 Rg8 42. Ra3 Kd6 43. Rd3+ Kc5 44. Rc3+ Kb6 45. Kh3 c5 46. Kh2 b4 47. Rc2 Kb5 48. Kh3 c4 49. Kh2 b3 50. Rb2 Kb4 51. Rf2 c3 52. Rf4+ Ka3 53. axb3 c2 54. Rc4 Kb2 0-1

[Event "4NCL Division Two"]
[Site "Daventry, ENG"]
[Date "2024.05.04"]
[EventDate "2024.05.04"]
[Round "9.65"]
[White "Pert, Max"]
[WhiteElo "2189"]
[WhiteTeam "Barbican 4NCL"]
[Black "Watson, Jacob"]
[BlackElo "1902"]
[BlackTeam "Cambridge University 2"]
[Result "1-0"]

1. d4 d5 2. Bf4 Nf6 3. Nc3 c6 4. e3 Bf5 5. f3 e6 6. g4 Bg6 7. h4 h6 8. Bd3 Bxd3 9. Qxd3 Bd6 10. Nge2 Bxf4 11. Nxf4 Qd6 12. O-O-O Na6 13. g5 Nd7 14. g6 f6 15. Nh5 Rg8 16. e4 O-O-O 17. Rhe1 Kb8 18. Qe3 Nc7 19. Kb1 e5 20. Ne2 Nb6 21. c3 Ne6 22. Neg3 Nc4 23. Qe2 Nf4 24. Nxf4 exf4 25. Nf5 Qc7 26. exd5 cxd5 27. Qe6 Rc8 28. Re2 Ne3 29. Nxe3 Rge8 30. Qxd5 fxe3 31. Qf5 Qg3 32. Qg4 Qxg4 33. fxg4 Re4 34. Rg1 h5 35. gxh5 f5 36. Kc2 f4 37. Kd3 Re6 38. Ree1 Rf8 39. h6 Rxg6 40. hxg7 Rxg7 41. Rxe3 Rgf7 42. Rf3 Kc7 43. b3 Kd6 44. a4 b6 45. h5 a5 46. h6 Kc7 47. Rh1 Rh7 48. Rh4 1-0

[Event "4NCL Division Two"]
[Site "Daventry, ENG"]
[Date "2024.05.04"]
[EventDate "2024.05.04"]
[Round "9.66"]
[White "Camp, Imogen A L"]
[WhiteTitle "WCM"]
[WhiteElo "1899"]
[WhiteTeam "Cambridge University 2"]
[Black "Brett, Andrew R"]
[BlackElo "2064"]
[BlackTeam "Barbican 4NCL"]
[Result "1/2-1/2"]

1. d4 Nf6 2. c4 e6 3. Nf3 d5 4. cxd5 exd5 5. Bg5 c6 6. Nc3 h6 7. Bh4 Bf5 8. e3 Nbd7 9. Bd3 Bxd3 10. Qxd3 Qb6 11. Rb1 a5 12. b3 Bd6 13. O-O O-O 14. Ne1 Rfe8 15. Nc2 Ne4 16. a3 Qc7 17. Bg3 Nxg3 18. hxg3 Nf6 19. Rfc1 Qe7 20. b4 b5 21. Rb2 g6 22. Nb1 Ne4 23. Nd2 Nf6 24. Qc3 h5 25. Qxc6 Rec8 26. Qxb5 axb4 27. axb4 Rc3 28. Re1 Rac8 29. Na1 Rb8 30. Qe2 Rxb4 31. Rxb4 Bxb4 32. Rb1 Bd6 33. Nf1 Qc7 34. Qa6 Ra3 35. Qb5 Ra2 36. Qb3 Ra3 37. Qc2 Rc3 38. Qb2 Kg7 39. Qb6 Qd7 40. Nb3 Rc6 41. Qb5 Qc8 42. Nbd2 Rc2 43. Qb6 Rc6 44. Qb7 Qe8 45. Rb6 Rxb6 46. Qxb6 Qe6 1/2-1/2

[Event "4NCL Division Two"]
[Site "Daventry, ENG"]
[Date "2024.05.04"]
[EventDate "2024.05.04"]
[Round "9.67"]
[White "Bhatia, Kanwal K"]
[WhiteTitle "WFM"]
[WhiteElo "1969"]
[WhiteTeam "Barbican 4NCL"]
[Black "Phillips, William"]
[BlackElo "1873"]
[BlackTeam "Cambridge University 2"]
[Result "1-0"]

1. e4 d6 2. d4 Nf6 3. Nc3 g6 4. Bg5 Bg7 5. Qd2 h5 6. h3 c6 7. O-O-O b5 8. e5 dxe5 9. dxe5 Qxd2+ 10. Bxd2 Ng8 11. f4 Nh6 12. Nf3 a5 13. Bd3 b4 14. Ne4 Ba6 15. Be3 Nf5 16. Bf2 Bxd3 17. Rxd3 Nd7 18. Rhd1 O-O-O 19. Nfg5 Nh6 20. e6 Nf6 21. Rxd8+ Rxd8 22. Rxd8+ Kxd8 23. Bb6+ Ke8 24. Nxf6+ Bxf6 25. Bxa5 Bd4 26. Bxb4 Be3+ 27. Bd2 Bxd2+ 28. Kxd2 Nf5 1-0

[Event "4NCL Division Two"]
[Site "Daventry, ENG"]
[Date "2024.05.04"]
[EventDate "2024.05.04"]
[Round "9.68"]
[White "Lim, Mark"]
[WhiteElo "1858"]
[WhiteTeam "Cambridge University 2"]
[Black "Regan, Natasha K"]
[BlackTitle "WIM"]
[BlackElo "1990"]
[BlackTeam "Barbican 4NCL"]
[Result "0-1"]

1. d4 f5 2. Nf3 Nf6 3. e3 g6 4. Be2 Bg7 5. O-O O-O 6. c4 a5 7. Nc3 d6 8. Rb1 Nc6 9. a3 e5 10. b4 e4 11. Ne1 axb4 12. axb4 g5 13. b5 Ne7 14. Qb3 Kh8 15. b6 c6 16. d5 c5 17. Na4 Bd7 18. Nc3 Ra6 19. Nc2 Nc8 20. Na3 Rxb6 21. Nab5 Na7 22. Bd2 Qe7 23. Ra1 Nc8 24. Ra8 Ne8 25. Qa2 f4 26. Qa5 Ra6 27. Rxa6 bxa6 28. Qxa6 f3 29. gxf3 exf3 30. Bd3 Qf7 31. Kh1 Qh5 32. Ne4 Be5 33. Ng3 Qh3 34. Rg1 Rf6 35. Bf1 Qh4 36. Bc3 Bxc3 37. Nxc3 Rh6 38. h3 Bxh3 0-1